Расчет параметров пучка электронов, вводимого электромагнитным способом из бетатрона на 30 Мэв; Тезисы докладов на пятой Межвузовской научной конференции по электронным ускорителям (17-21 марта 1964 г.)

Detalles Bibliográficos
Parent link:Тезисы докладов на пятой Межвузовской научной конференции по электронным ускорителям (17-21 марта 1964 г.).— 1964.— С. 56-57
Autor Principal: Анохин В. П.
Idioma:ruso
Publicado: 1964
Subjects:
Formato: MixedMaterials Capítulo de libro
KOHA link:https://koha.lib.tpu.ru/cgi-bin/koha/opac-detail.pl?biblionumber=592754

MARC

LEADER 00000naa0a2200000 4500
001 592754
005 20250901114511.0
035 |a (RuTPU)RU\TPU\tpu\5283 
090 |a 592754 
100 |a 20011210d1964 k||y0rusy50 ca 
101 0 |a rus 
102 |a RU 
200 1 |a Расчет параметров пучка электронов, вводимого электромагнитным способом из бетатрона на 30 Мэв  |f В. П. Анохин 
463 1 |t Тезисы докладов на пятой Межвузовской научной конференции по электронным ускорителям (17-21 марта 1964 г.)  |v С. 56-57  |d 1964 
610 1 |a электронные ускорители 
610 1 |a труды учёных ТПУ 
700 1 |a Анохин  |b В. П. 
801 0 |a RU  |b 63413507  |c 20011210  |g PSBO 
801 2 |a RU  |b 63413507  |c 20080417  |g PSBO 
942 |c BK